Introducción a la lógica
Uloženo v:
| Hlavní autor: | |
|---|---|
| Médium: | Kniha |
| Jazyk: | španělština |
| Vydáno: |
Buenos Aires
Eudeba
1999
|
| Vydání: | 4a. ed |
| Edice: | Manuales
|
| Témata: | |
| Tagy: |
Přidat tag
Žádné tagy, Buďte první, kdo vytvoří štítek k tomuto záznamu!
|
MARC
| LEADER | 00000nam a2200000 a 4500 | ||
|---|---|---|---|
| 001 | UCP6865 | ||
| 003 | CL-VaPUC | ||
| 008 | 991119e19990000AG |||||||||||||||||spa|d | ||
| 082 | 0 | 4 | |a 160 |b COP |2 21 |
| 100 | 0 | |a Copi, Irving M |e author |9 245662 | |
| 245 | 1 | 0 | |a Introducción a la lógica |
| 250 | |a 4a. ed | ||
| 300 | |a 614 p | ||
| 942 | |c BK | ||
| 945 | |d 19991119 00:00:00 |a vberengu | ||
| 260 | |a Buenos Aires |b Eudeba |c 1999 | ||
| 650 | 7 | |a DEDUCCION |2 CL-VaPUC |9 336246 | |
| 650 | 0 | |a Inducción |9 324566 | |
| 650 | 0 | |a Lenguaje |9 265069 | |
| 650 | 0 | |a Lógica |9 256849 | |
| 650 | 0 | |a Probabilidad |9 349606 | |
| 650 | 0 | |a Razonamiento |9 256520 | |
| 583 | |a last modification |c 19991119 00:00:00 |k Rodrigo Vera | ||
| 490 | 0 | |a Manuales | |
| 999 | |c 284290 |d 284288 | ||